[Event "XXVII RUS-chT Premier 2020"]
[Site "Sochi"]
[Date "2020.11.28"]
[Round "9.23"]
[White "Samusenko, Maksim"]
[Black "Ter-Saakian, Grigorii"]
[Result "1-0"]
[WhiteElo "2466"]
[BlackElo "2296"]
[Annotator "TA"]
[PlyCount "45"]
[EventDate "2020.11.19"]
[EventType "team-tourn"]
[EventCountry "RUS"]
[SourceTitle "playchess.com"]
[Source "ChessBase"]
[SourceQuality "1"]

{[%evp 9,45,0,40,25,33,16,75,84,87,84,87,90,122,117,114,64,69,78,85,85,114,138,130,143,146,134,144,147,168,160,352,358,346,343,348,346,317,317]} 1. e4 Nc6 2. Nc3 Nf6 3. Nf3 d5 4. exd5 Nxd5 5. Bc4 e6 6. O-O {B02: Alekhine's Defence: Chase Variation and lines with early Nc3.} Be7 7. Bb5 {[#]} Bf6 $146 (7... Nxc3 $11 {keeps the balance.} 8. bxc3 (8. dxc3 Qxd1 9. Rxd1 Bd7 $11) 8... O-O) ({Predecessor:} 7... O-O 8. Bxc6 bxc6 9. Qe2 a5 10. Re1 Ba6 11. Qe4 Bf6 12. Na4 Qd6 13. d4 h6 {1-0 (30) Rajman,M-Villanueva,M Villa Ballester 1998}) 8. Ne4 $16 {White is better.} Bd7 9. d4 O-O 10. Nxf6+ Qxf6 11. Bg5 Qg6 {Black wants to play ...Nxd4.} 12. Qd2 {[#] And now Nh4 would win.} f6 13. Bh4 a6 14. Bd3 Qg4 15. Bg3 b5 16. Rfe1 Qh5 17. c3 Nce7 18. b3 Nf5 19. c4 Nxg3 $2 (19... Nde7 $16 20. Bxc7 bxc4 21. bxc4 Rac8) 20. cxd5 $18 ({Weaker is} 20. fxg3 bxc4 21. bxc4 Ne7 $16) (20. hxg3 Ne7 $16) 20... Nf5 21. dxe6 {White has a decisive advantage.} Bc6 22. e7 Rfe8 {[#]} 23. Qc2 $1 {[%csl LRc6,LRf5] Weighted Error Value: White=0.05/Black=0.23} 1-0

[Event "XXVII RUS-chT Premier 2020"]
[Site "Sochi"]
[Date "2020.11.28"]
[Round "9.24"]
[White "Frolov, Aleksey G."]
[Black "Faizrakhmanov, Ramil"]
[Result "0-1"]
[WhiteElo "2025"]
[BlackElo "2450"]
[Annotator "TA"]
[PlyCount "84"]
[EventDate "2020.11.19"]
[EventType "team-tourn"]
[EventCountry "RUS"]
[SourceTitle "playchess.com"]
[Source "ChessBase"]
[SourceQuality "1"]

{[%evp 10,84,19,15,17,13,14,16,21,13,15,14,15,10,19,-49,-30,-48,-41,-105,-106,-135,-140,-155,-100,-141,-95,-123,-89,-130,-84,-134,-87,-82,0,-14,0,-7,0,-51,-46,-49,-62,-43,-39,-225,-208,-230,-235,-285,-273,-285,-262,-364,-333,-393,-336,-358,-318,-412,-421,-545,-551,-576,-585,-720,-714,-763,-760,-736,-688,-668,-655,-956,-950,-862,-823]} 1. e4 c6 2. d4 d5 3. e5 Bf5 4. Nd2 e6 5. Nb3 Nd7 6. Nf3 c5 {B12: Caro-Kann: Advance Variation.} 7. dxc5 Bxc5 8. Nxc5 Nxc5 {The position is equal.} 9. Be3 Nd7 10. Nd4 Ne7 11. f4 Be4 {[#]} 12. Be2 $146 (12. Bd3 $11) ({Predecessor:} 12. Bd3 Qa5+ 13. Qd2 Qxd2+ 14. Bxd2 Nc5 15. Bb5+ Kd8 16. O-O Rc8 17. Bb4 g6 18. c3 {½-½ (45) Andersson,M (2364)-Voronin,A (2355) ICCF email 2013}) 12... Bxg2 $15 13. Rg1 Be4 14. c3 (14. Rxg7 $15 Bg6 15. f5 Nxf5 16. Nxf5 Bxf5 17. Qd4) 14... O-O $17 15. Bf2 Ng6 16. Qd2 a6 (16... Rc8 $142 17. Rd1 a6) 17. Qe3 Kh8 18. h4 Nxh4 {White must now prevent ...Ng2+.} 19. O-O-O Rc8 20. Rg5 Nf5 21. Nxf5 exf5 (21... Bxf5 $17 22. Rxf5 exf5) 22. Rh5 (22. Qh3 $5 {[%cal Rg5h5]} Rc6 23. Rh5 $15) 22... Rc6 {With the idea ...Qa5.} 23. Qh3 $1 h6 24. Bd4 ({White should try} 24. Bf3 $11) 24... Qe7 25. e6 Qxe6 ({And not} 25... fxe6 26. Rxh6+ Kg8 27. Rh8+ Kf7 28. Bh5+ g6 29. Bxg6+ $1 {[%mdl 512]} Kxg6 30. Qh5#) 26. Rg1 Rg8 {aiming for ...Qd6.} 27. Rhg5 $2 {Now White is beyond hope.} (27. Qg3 $15) 27... f6 $19 28. Rh5 {White wants to mate with Rxh6+!} Kh7 29. Rg3 Nf8 30. Qh2 Qe8 31. Kd2 Re6 {Strongly threatening ...Qa4.} 32. b3 Qe7 33. b4 Qe8 34. Bd1 {[#]} a5 $1 35. Qg1 {Black is clearly winning.} (35. bxa5 Qb5) 35... Ng6 36. Rh2 {next Bh5 is good for White.} Nxf4 37. Be3 Ng6 38. Bh5 {[#]} f4 $1 {[%cal Rf4g3]} 39. Bxf4 axb4 40. Bxg6+ Bxg6 41. cxb4 {[#]} Qa4 $1 {[%csl Gg6][%cal Ra4c2]} 42. Rxg6 Qxb4+ {Weighted Error Value: White=0.44/Black=0.14} 0-1

[Event "XXVII RUS-chT Premier 2020"]
[Site "Sochi"]
[Date "2020.11.28"]
[Round "9.25"]
[White "Demchenko, Anton"]
[Black "Dubov, Daniil"]
[Result "1/2-1/2"]
[WhiteElo "2626"]
[BlackElo "2699"]
[Annotator "TA"]
[PlyCount "132"]
[EventDate "2020.11.19"]
[EventType "team-tourn"]
[EventCountry "RUS"]
[SourceTitle "playchess.com"]
[Source "ChessBase"]
[SourceQuality "1"]

{[%evp 9,132,-11,17,14,43,6,13,7,8,0,0,0,0,0,3,0,0,0,0,0,0,-13,0,-24,-20,-30,-4,-57,-48,-35,-16,-22,0,-27,0,0,0,-15,0,-8,-8,-37,41,12,13,13,15,6,55,91,100,31,45,57,65,68,68,68,31,27,152,15,43,46,30,0,159,42,127,115,275,275,332,319,307,324,318,312,324,324,324,324,330,97,129,57,59,41,59,61,61,0,57,57,57,57,57,57,57,57,56,56,56,20,56,12,220,56,56,24,24,24,24,24,57,-8,-8,-8,-8,-8,-8,-8,-8,-8,-8]} 1. d4 Nf6 2. Nf3 d5 3. Bf4 c5 4. e3 Nc6 5. Nbd2 Bg4 6. c3 {D02: 1 d4 d5 2 Nf3 sidelines, including 2...Nf6 3 g3 and 2...Nf6 3 Bf4.} Nh5 7. Bg5 h6 8. Bh4 cxd4 9. exd4 g5 10. Bg3 Nxg3 11. hxg3 {[#]} Qc7 $146 ({Predecessor:} 11... Bg7 12. Bd3 Kf8 13. Qc2 Rc8 14. Bf5 Bxf3 15. Bxc8 Bxg2 16. Rg1 Qxc8 17. Rxg2 Nxd4 {½-½ (59) Darini,P (2474)-Mota,P (1974) Sharjah 2019}) 12. Be2 Bg7 13. Nf1 Bd7 14. Ne3 e6 15. Kf1 f5 16. Nc2 Qb6 17. Rb1 O-O-O 18. b4 ({White should play} 18. Nce1 $11) 18... Kb8 $15 19. Nd2 e5 {[%cal Re5d4]} 20. Nb3 Rhe8 21. Nc5 Bc8 22. a4 Qc7 23. a5 Re7 24. Bb5 exd4 25. cxd4 b6 (25... Rde8 $15) 26. axb6 $14 axb6 27. Bxc6 Qxc6 28. b5 Qf6 (28... Qe8 $5 {[%cal Rb6c5]}) 29. Nb4 $1 {[%cal Rb4c6]} Rd6 ({Wrong is} 29... bxc5 $2 30. Nc6+ Kc7 31. Qa4 $18) 30. Nc6+ (30. Nca6+ $1 $16 Kb7 31. Qb3 Qxd4 32. Nc6 Rxc6 33. bxc6+ Ka7 34. Nb4 Qc4+ 35. Kg1 Qxb3 36. Rxb3) 30... Rxc6 31. bxc6 Qxd4 32. Nd7+ Kc7 33. Qxd4 Bxd4 34. Rxh6 g4 (34... Ba6+ $11 {remains equal.} 35. Kg1 Re2) 35. Rd1 (35. Nf6 $16 Kxc6 36. Rc1+ Bc5 37. Nxg4+ Kb5 38. Ne3) 35... Bg7 36. Rg6 Bc3 37. f4 gxf3 $2 ({Better is} 37... Ba6+ $11 38. Kg1 Bc4) 38. gxf3 ({Don't play} 38. Rxd5 $6 Ba6+ 39. Kf2 Bc4 $14) (38. Nf6 $1 $16 {[%cal Rf6d5]} Bxf6 39. Rxf6) 38... d4 (38... Ba6+ $14 39. Kf2 Bc4) 39. Kf2 $1 $16 Ba6 $2 {[#]} (39... b5 $16 40. Nc5 b4) 40. Nxb6 $1 $18 {[%mdl 512]} Kxb6 {[#]} 41. c7+ $1 {[%mdl 512]} Kb5 {[#] And now ...Bc8 would win.} (41... Kxc7 42. Rxa6) 42. Rxa6 $1 {[%mdl 512]} Rxc7 {[%mdl 4096] Endgame KRR-KRB} (42... Kxa6 43. c8=Q+) 43. Rf6 Rc5 44. g4 fxg4 45. fxg4 Kc4 46. Rf3 $2 (46. Kf3 $18 {and White stays clearly on top.}) 46... Rd5 $16 {[#]} 47. Rfd3 (47. Rb1 $1 $16) 47... Rg5 $14 48. Kg3 {aiming for Kf4.} Rg8 49. Rf3 Rd8 $1 50. Rfd3 Rg8 51. Kf4 {Threatens to win with g5.} Rf8+ 52. Kg5 Rg8+ 53. Kf5 Rf8+ 54. Ke4 {Strongly threatening g5.} Re8+ 55. Kf3 $1 Rf8+ 56. Kg2 Rg8 57. Rg3 Kb4 $2 (57... Rd8 $11 {and Black has nothing to worry.}) 58. g5 $2 (58. Kf1 $18) 58... Kb3 $1 59. Rdd3 Kc2 60. Kf2 Re8 61. Kf1 {Hoping for Rdf3. Cut Off at move 61} Rf8+ 62. Rdf3 (62. Kg1 $1 $14) 62... Rxf3+ $11 {The position is equal.} 63. Rxf3 d3 64. Rxd3 Kxd3 65. g6 Ke4 66. g7 Bxg7 {Black escapes into a draw.  Weighted Error Value: White=0.30/Black=0.26} 1/2-1/2

[Event "XXVII RUS-chT Premier 2020"]
[Site "Sochi"]
[Date "2020.11.28"]
[Round "9.26"]
[White "Riazantsev, Alexander"]
[Black "Alekseev, Evgeny"]
[Result "1/2-1/2"]
[WhiteElo "2628"]
[BlackElo "2615"]
[Annotator "TA"]
[PlyCount "88"]
[EventDate "2020.11.19"]
[EventType "team-tourn"]
[EventCountry "RUS"]
[SourceTitle "playchess.com"]
[Source "ChessBase"]
[SourceQuality "1"]

{[%evp 17,88,27,25,18,27,36,27,31,36,17,34,0,8,8,18,3,10,0,0,1,43,34,52,0,0,-85,-78,-102,-87,-92,-85,-110,-79,-109,-70,-75,-84,-75,-85,-79,-83,-66,-88,-152,-149,-202,-60,-55,-18,-29,-10,-10,-16,-56,-65,-54,-33,-83,-79,-87,-73,-76,-70,-75,-75,-80,-88,-81,-65,-72,-40,-42,0]} 1. d4 Nf6 2. c4 e6 3. Nf3 b6 4. a3 Ba6 5. Qc2 Bb7 6. Nc3 c5 7. e4 cxd4 8. Nxd4 Bc5 9. Nb3 Nc6 10. f3 {E12: Queen's Indian: Unusual White 4th moves, 4 a3, 4 Nc3 Bb7 5 a3 and 4 Nc3 Bb7 .} O-O 11. Nxc5 bxc5 12. Be3 {White has an edge.} d6 {[#]} 13. Bd3 $146 ({Predecessor:} 13. Qd2 Qe7 14. Be2 Rfd8 15. Rd1 h6 16. O-O a6 17. Bf2 Rab8 18. Rfe1 a5 19. Bf1 {1-0 (52) Meissen,F (2399)-Palmateer,C (2240) ICCF email 2018}) 13... Nd7 14. f4 Rb8 15. O-O e5 16. f5 Nd4 17. Qd1 Bc6 18. Rb1 Qa5 19. Bd2 Qb6 20. Kh1 ({Better is} 20. Re1 $14) 20... Qb3 $11 21. Qh5 (21. Qc1 $11 {keeps the balance.}) 21... f6 $1 $17 22. g4 Nb6 23. g5 fxg5 (23... Nxc4 $6 24. g6 $11) 24. f6 g6 25. Qxg5 (25. Qh6 $2 Rf7 $19) 25... Nxc4 26. f7+ $1 {[%mdl 64] Decoy} (26. Qh6 $2 Rf7 $19) 26... Rxf7 27. Rxf7 Kxf7 ({But not} 27... Nxd2 28. Rxa7 Nxb1 29. Qe7 $1 $11 {[%mdl 512]}) 28. Rf1+ {[#]} Kg8 $1 29. Bc1 {Strongly threatening Qf6.} Nb6 $1 30. Qe7 {[#]} (30. Rf6 $142) 30... Qe6 $1 {[%cal Re6e7]} 31. Qc7 (31. Qxe6+ $17 {is a better defense.} Nxe6 32. Rf6) 31... Rc8 (31... Nd7 $19 {And now ...c4 would win.} 32. Bh6 Re8) 32. Qxa7 $15 {Black must now prevent Ba6.} c4 33. Bh6 {[%csl Gh6][%cal Ra7g7]} Qd7 34. Qxd7 Bxd7 35. Nd5 Nxd5 ({Not} 35... cxd3 $2 36. Ne7+ Kh8 37. Nxc8 $18) 36. Bxc4 $1 Be6 {aiming for ...Nf4.} 37. Bxd5 Bxd5 38. exd5 {[%mdl 4096] Endgame KRB-KRN} Nf5 39. Bg5 h6 40. Bd2 Rc2 41. Bc3 Ne3 42. Rg1 Kf7 ({Of course not} 42... Nxd5 $6 43. Rxg6+ Kh7 44. Rxd6 $11) 43. Bb4 Nxd5 44. Bxd6 Rxb2 {Weighted Error Value: White=0.16/Black=0.15} 1/2-1/2

[Event "XXVII RUS-chT Premier 2020"]
[Site "Sochi"]
[Date "2020.11.28"]
[Round "9.27"]
[White "Kokarev, Dmitry"]
[Black "Paravyan, David"]
[Result "1-0"]
[WhiteElo "2621"]
[BlackElo "2654"]
[Annotator "TA"]
[PlyCount "127"]
[EventDate "2020.11.19"]
[EventType "team-tourn"]
[EventCountry "RUS"]
[SourceTitle "playchess.com"]
[Source "ChessBase"]
[SourceQuality "1"]

{[%evp 23,127,12,18,0,0,0,0,0,25,27,21,16,32,22,22,0,0,0,15,8,37,0,29,23,20,18,16,18,16,0,85,-81,-58,-85,-70,-85,0,-6,0,-23,1,0,0,0,0,0,8,26,29,16,64,0,156,78,51,82,87,11,10,0,111,110,111,126,118,126,132,132,138,138,139,140,172,172,171,171,156,154,255,255,248,245,242,247,331,347,400,397,392,379,369,358,426,411,417,411,1787,1512,29976,29977,29976,29977,29976,29977,29983,29984]} 1. e4 c5 2. Nf3 Nc6 3. d4 cxd4 4. Nxd4 Nf6 5. Nc3 e5 6. Ndb5 d6 7. Bg5 a6 8. Na3 b5 9. Nd5 Be7 10. Bxf6 Bxf6 11. c4 b4 12. Nc2 a5 13. g3 {B33: Sicilian: Pelikan and Sveshnikov Variations.} h5 {[#]} 14. Bg2 $146 ({Predecessor:} 14. h4 g6 15. Bh3 Bxh3 16. Rxh3 Bg7 17. Rh2 Ra7 18. f3 Qc8 19. Qe2 Qe6 20. O-O-O Rb7 {½-½ (37) Salzmann,S (2320)-Kevicky,M (2407) ICCF email 2018}) 14... h4 15. Qd3 {The position is equal.} g6 16. O-O Bg7 17. Rfd1 h3 18. Bh1 O-O 19. Nde3 Be6 20. Bf3 Qc8 21. b3 (21. Qxd6 $2 Rd8 $19) 21... Kh8 22. Rd2 (22. Qxd6 $2 Rd8 $19) 22... f5 23. exf5 (23. Qxd6 $2 Rd8 $17) 23... gxf5 {Strongly threatening ...e4.} 24. Bxc6 (24. Qxd6 e4 $17) 24... Qxc6 25. Qxd6 Qe8 26. Re1 Qf7 {[#]} (26... f4 $1 $11 {keeps the balance.}) 27. Qc6 $2 (27. f4 $1 $16 {and life is bright.}) 27... f4 $17 {[%mdl 1024] Black has strong compensation.} 28. Nf1 Bf5 29. Red1 $1 Qh5 (29... Rac8 $17 30. Qd6 Rce8) 30. Ne1 $1 $11 Rac8 31. Qb7 Qg4 32. f3 Qg5 33. Rf2 Rce8 34. Qc7 Qg6 35. Rd6 Re6 36. Rxe6 Qxe6 37. Rd2 ({White should play} 37. Qxa5 $14 e4 38. Qxb4) 37... Rc8 $2 (37... e4 $11) 38. Rd8+ (38. Qxa5 $142 Qf6 39. Qxb4) 38... Rxd8 $16 39. Qxd8+ Kh7 40. Kf2 (40. g4 $16 Bg6 41. Nd2 (41. Qxa5 e4 $17)) 40... a4 $11 41. Nd3 Qc6 {[#]} (41... axb3 $11 42. axb3 Qa6 43. Nxb4 Qa3 44. Qh4+ Kg8 45. Qd8+ Kh7) 42. Ke2 $1 $16 {White now steadily converts the win.} (42. gxf4 Bf6 $19) 42... Be4 43. Nxe5 {[%mdl 64] Decoy} ({Reject} 43. fxe4 $6 Qxe4+ 44. Kf2 Qg2+ 45. Ke1 Qe4+ 46. Kf2 (46. Kd1 Qf3+ 47. Ke1 axb3 $11) 46... Qg2+ 47. Ke1 Qe4+ 48. Kf2 $11 (48. Kd1 Qf3+ 49. Ke1 axb3 $11)) (43. gxf4 $2 Bf6 $19) 43... Bxe5 44. Qe7+ {[%mdl 64] Double Attack} Kg6 45. Qxe5 {[%mdl 64] Double Attack} Bxf3+ 46. Ke1 axb3 47. axb3 fxg3 48. Qxg3+ Kf7 49. Ne3 Qf6 50. Qxh3 {Threatens to win with Qf5.} Be4 (50... Qc3+ $16 {is a better defense.} 51. Kf2 Bc6) 51. Qd7+ $18 Kf8 {intending ...Qh4+.} 52. Qd2 Ke8 53. Qxb4 Qh4+ 54. Kd1 Qxh2 {Black wants to play ...Bf3+.} 55. Qb5+ Kf8 56. Qc5+ Kf7 57. Qd4 Qg1+ 58. Kd2 Qb1 59. Nd5 Qc2+ (59... Kg6 $142 60. c5 Kf5 61. Qf6+ Kg4 62. Qf4+ Kh3 63. Qe3+ Kh2) 60. Ke3 Qc1+ 61. Kxe4 {White mates.} Qh1+ 62. Kf4 Qh4+ 63. Ke3 Qe1+ 64. Kf3 {Weighted Error Value: White=0.15/Black=0.39} 1-0

[Event "XXVII RUS-chT Premier 2020"]
[Site "Sochi"]
[Date "2020.11.28"]
[Round "9.28"]
[White "Chigaev, Maksim"]
[Black "Makarian, Rudik"]
[Result "1/2-1/2"]
[WhiteElo "2615"]
[BlackElo "2441"]
[Annotator "TA"]
[PlyCount "172"]
[EventDate "2020.11.19"]
[EventType "team-tourn"]
[EventCountry "RUS"]
[SourceTitle "playchess.com"]
[Source "ChessBase"]
[SourceQuality "1"]

{[%evp 11,172,0,31,0,15,0,17,0,21,11,28,27,40,9,18,18,4,8,58,83,53,45,95,91,177,185,173,190,170,176,191,182,183,49,38,36,31,30,33,18,61,5,14,0,0,0,0,0,0,0,0,0,0,0,0,0,0,0,0,0,0,0,0,0,0,0,0,0,0,0,70,60,97,41,66,65,73,43,43,43,43,43,43,43,43,43,43,8,146,8,146,8,146,12,102,0,171,0,102,21,146,0,146,0,146,102,102,102,102,0,0,0,102,0,102,102,102,102,102,0,0,0,102,102,102,102,102,102,102,0,102,102,102,0,0,0,0,0,0,0,0,0,0,0,0,0,0,0,0,0,0,0,0,0,0,0,0,0,0,0,0,0,0]} 1. e4 {Primel,D} c5 2. Nf3 d6 3. d4 cxd4 4. Nxd4 Nf6 5. Nc3 a6 6. a4 e6 7. a5 {B90: Sicilian Najdorf: Unusual White 6th moves, 6 Be3 Ng4 and 6 Be3 e5.} Be7 8. Be2 O-O 9. Be3 Bd7 10. O-O Bc6 11. Bd3 Nbd7 {[#]} 12. Nxc6 $146 ({Predecessor:} 12. f4 Re8 13. Qe2 Rc8 14. Kh1 Bf8 15. Bg1 e5 16. Nxc6 Rxc6 17. f5 Rc8 18. Bc4 {1-0 (43) Mullon,J (2456)-Hauroo,H (2114) Issy les Moulineaux 2010 EXT 2011 [Primel,D]}) 12... bxc6 13. Qe2 d5 14. Bxa6 Bb4 15. exd5 cxd5 16. Qb5 {Bb7 is the strong threat.} Rb8 17. Bb7 $1 Bxc3 (17... Bxa5 $16 {might work better.} 18. Ba7 (18. Qxa5 Rxb7 19. Qxd8 Rxd8 $15) 18... Bxc3) 18. bxc3 $18 Qc7 19. a6 {Black must now prevent Qc6.} Ng4 {[%csl Gg4][%cal Rc7h2]} 20. g3 {Strongly threatening Bd4.} Nxe3 21. fxe3 Nc5 {[%cal Rc5b7]} 22. Rfb1 ({White must play} 22. Qa5 $1 $18 {[%cal Ra5c7]} Qxa5 23. Rxa5 Rxb7 24. axb7 Nxb7 25. Ra6) 22... Nxb7 $14 23. a7 Ra8 {aiming for ...Nc5.} 24. Qxb7 Qxc3 25. Qb3 Qe5 26. Qb6 (26. Ra4 $14) 26... h5 $11 27. Ra4 Qc3 28. Qb3 Qc5 29. Rba1 Rfc8 30. R1a2 Kh7 31. Kf2 Rc7 {[%cal Rc7a7]} 32. Qa3 Qc6 33. Ra6 Qd7 34. Qd3+ Kg8 {[%cal Rc7a7]} 35. Qd4 Qc8 36. Qb2 {Hoping for Rb6.} Kh7 37. Qb1 e5 38. Qd1 ({Reject} 38. c4+ g6 $17) 38... Qf5+ 39. Kg1 Qg5 40. Qf3 Rd7 (40... g6 $11) 41. h4 $1 $14 {[%cal Rh4g5]} Qg4 42. Kf2 (42. Qxg4 $16 hxg4 43. Kf1) 42... Qxf3+ 43. Kxf3 {[%mdl 4096] Endgame KRR-KRR} f6 44. c3 Kg6 45. e4 d4 46. cxd4 Rxd4 47. R2a3 Kf7 48. R6a4 {Threatens to win with Rxd4.} Rd7 49. g4 g6 (49... hxg4+ $11 50. Kxg4 g6) 50. Ra6 (50. g5 $16) 50... Kg7 (50... hxg4+ $11 51. Kxg4 Ke7) 51. Kg3 ({White should play} 51. g5 $16) 51... Rc7 (51... Kh6 $11) 52. Kh3 (52. g5 $16) 52... Rf7 (52... Kh6 $11) 53. Ra2 (53. gxh5 $16 gxh5 54. R3a4) 53... Kh7 $2 {[#]} (53... f5 $11 {and Black is okay.}) 54. Ra1 $2 (54. g5 $1 $18) 54... Kg7 (54... f5 $11) 55. Kg3 (55. gxh5 $16 gxh5 56. Kg2) 55... Rd7 (55... Kh6 $11) 56. R1a3 Rc7 57. Kf3 Rd7 $1 58. gxh5 gxh5 59. Ke2 Kg6 60. Rg3+ Kh7 61. Rga3 {Cut Off at move 61} Kg6 62. Kf3 Kg7 $1 63. Kf2 Rf7 64. Ke1 Rd7 65. Rg3+ ({Better is} 65. R6a4 $16) 65... Kh7 $11 66. Rga3 (66. Rxf6 $11 Rdxa7 67. Rgg6) 66... Kg7 $1 $16 67. Kf1 Rf7 68. Kg2 Kg6 69. Kh3 Kh7 {[#]} 70. Kh2 (70. Kg3 $1 $16) 70... Kg6 (70... f5 $1 $11 {keeps the balance.}) 71. Kg2 Rd7 72. Rg3+ (72. Kf2 $16) 72... Kf7 $11 {The position is equal.} 73. Rf3 Rdxa7 74. Rfxf6+ Kg7 75. Rxa7+ Rxa7 {KR-KR} 76. Rf5 Ra2+ 77. Kf3 Ra3+ 78. Kf2 Ra2+ 79. Ke3 Ra3+ 80. Kd2 Kg6 81. Rg5+ Kh6 82. Rxe5 Rh3 83. Rf5 Rxh4 84. Ke3 Rg4 85. Rf8 Kg7 86. Rf1 h4 {Blacks defense is rewarded with a draw.  Weighted Error Value: White=0.39/Black=0.34} 1/2-1/2

[Event "XXVII RUS-chT Premier 2020"]
[Site "Sochi"]
[Date "2020.11.28"]
[Round "9.29"]
[White "Petrov, Nikita"]
[Black "Antipov, Mikhail Al."]
[Result "1/2-1/2"]
[WhiteElo "2577"]
[BlackElo "2607"]
[Annotator "TA"]
[PlyCount "120"]
[EventDate "2020.11.19"]
[EventType "team-tourn"]
[EventCountry "RUS"]
[SourceTitle "playchess.com"]
[Source "ChessBase"]
[SourceQuality "1"]

{[%evp 9,120,23,29,21,40,25,27,14,16,9,20,12,21,0,46,44,41,9,56,14,23,20,66,71,97,117,113,87,80,86,173,162,158,157,168,161,153,146,158,160,177,97,102,94,173,167,167,171,175,168,169,173,182,171,252,82,78,0,245,245,245,250,225,240,259,203,247,0,217,28,19,22,35,28,27,21,28,32,32,32,19,0,25,0,0,0,20,20,20,20,1706,660,876,316,614,304,29965,29965,29964,29965,29967,0,0,0,0,0,0,0,0,0,0,0,0]} 1. e4 e5 2. Nf3 Nc6 3. Bb5 Nf6 4. d3 Ne7 5. d4 Nxe4 6. dxe5 {C65: Ruy Lopez: Berlin Defence (3...Nf6), unusual lines and 4 0-0 Bc5.} a6 7. Bd3 Nc5 {[#]} 8. O-O $146 {White has an edge.} ({Predecessor:} 8. Be3 d6 9. Bc4 d5 10. Bxc5 dxc4 11. Qxd8+ Kxd8 12. Nc3 Be6 13. O-O-O+ Ke8 14. Rhe1 {1-0 (59) Bezold,M (2534)-Lehner,O (2415) Austria 2007}) 8... d5 9. exd6 Qxd6 10. Bc4 Qxd1 11. Rxd1 b5 12. Be2 Bb7 13. b3 {[%cal Bb2b3,Bb3b4][%mdl 32]} f6 14. b4 (14. a4 $5 {[%cal Ra4b5]}) 14... Na4 15. c4 Be4 16. Nbd2 Bf5 {Black wants to play ...Nc3.} 17. Re1 (17. cxb5 $6 Nc3 $11) 17... Nc3 18. Bf1 $1 O-O-O {[#]} 19. a4 $1 {[%cal Ra4b5][%mdl 512]} Nxa4 (19... bxc4 $16 {might work better.} 20. b5 (20. Nxc4 Ned5 $14) 20... Ned5) (19... bxa4 20. Bb2) 20. cxb5 $18 axb5 21. Bxb5 Nb6 22. Nc4 Ned5 23. Nxb6+ Nxb6 24. Be3 Bd7 25. Bxd7+ (25. Bd3 $18 Re8 26. Red1 Rxe3 27. fxe3) 25... Kxd7 $16 26. Red1+ Bd6 (26... Ke8 $16 {keeps fighting.}) 27. Bxb6 $18 cxb6 28. Ra7+ $1 Kc8 29. Nd4 $1 {aiming for Rc1+.} (29. Rxd6 Rxd6 30. g3 Re8 $17) 29... Bxb4 30. Rc1+ ({Weaker is} 30. Rxg7 Rd7 $11) 30... Bc5 {[#]} 31. Nc6 $1 {[%mdl 1024] White has strong compensation.} Rd7 (31... Rd6 $142) 32. Ne7+ $2 (32. Ra8+ $18 {and the rest is easy.} Kc7 33. Rxh8 Kxc6 34. Rxh7) 32... Kd8 $16 {[#]} 33. Nc6+ $2 (33. Ra8+ $1 $16 Kxe7 34. Rxh8) 33... Kc8 $18 {White should prevent ...Rxa7.} 34. Ra8+ Kc7 35. Rxh8 Kxc6 36. Rxh7 {[%mdl 4096] Endgame KRR-KRB} Kb5 37. Rb1+ Kc4 38. Rc1+ $2 (38. h4 $18) 38... Kb3 $2 (38... Kb5 $1 $11) 39. Rh3+ $2 ({Better is} 39. Kf1 $18) 39... Kb2 $1 $11 {[%cal Rb2c1]} 40. Re1 Rd2 41. Rf3 b5 42. g3 b4 43. Re8 Rc2 44. Rg8 Rc3 45. Kg2 {Strongly threatening h4.} b3 46. Rxg7 Rxf3 47. Kxf3 {KR-KB} Ka3 $1 {...b2 is the strong threat.} 48. Rd7 b2 49. Rd1 {Black must now prevent h4.} f5 $2 {[%mdl 8192]} ({Not} 49... Ka2 $2 50. h4 $18) (49... Kb3 $11) 50. h4 (50. Kf4 $142 Bxf2 51. h4) 50... Bf8 51. Ke2 $2 (51. Ke3 Bc5+ 52. Kf4) 51... Ka2 $2 (51... Kb3 52. Kd3 Bc5) 52. Kd3 (52. h5 $142 Bh6 53. Rd5 (53. g4 $2 Bc1 $19)) 52... b1=Q+ $2 (52... Bc5 $18 53. f3 Bf2) 53. Rxb1 Kxb1 {KB-K3P} 54. Kd4 Kc2 55. f3 $2 (55. Ke5 {mates} f4 56. Kxf4 Kd2 57. h5 Bc5 58. g4 Bxf2 59. g5 Be3+ 60. Kf5) 55... Kd2 {The position is equal.} 56. Ke5 Ke3 57. Kxf5 Kxf3 58. g4 Kg3 59. h5 {And now g5 would win.} Kh4 60. Kg6 {Threatens to win with g5.} Kxg4 {White really could win this.  Weighted Error Value: White=0.46/Black=0.34} 1/2-1/2